01160cam a2200193 450000100060000000300080000600500170001400800410003103500140007204000230008604100080010908200260011724500710014326000350021430000330024950400290028250505720031165000830088376792BD-RjUL20211209082904.0200120s1966 enkf b 000 0 eng  a(BD-RjUL) aDLCcDLCdDLCbeng aeng00a822.309223bELI 196610aElizabethan theatre.c ed. by John Russel Brown and Bernard Harris aLondon:bEdward Arnold,c1966. a248 p. :b2 plates.;c23 cm. aIncludes bibliographies.0 aElizabethan tragic heroes, by D. J. Palmer.--The Tudor interlude and later Elizabethan drama, by T. W. Craik.--The Spanish tragedy, or The pleasures and perils of rhetoric, by J. A. Barish.--Marlowe the dramatist, by N. Brooke.--Romantic narrative plays: 1570-1590, by P. Russell.--The formal influence of Plautus and Terence, by R. Hosley.--John Lyly and the language of play, by J. Powell.--The court and the dramatists, by M. Jones.--Hackwriting and the Huntingdon plays, by J. C. Meagher.--Ben Jonson: the makings of the dramatist (1596-1602), by E. B. Partridge. 0aEnglish dramayEarly modern and Elizabethan, 1500-1600xHistory and criticism.